00410nam a22001337a 4500003000400000005001700004008004100021040001100062100006800073245008000141250000800221260003900229300000800268OSt20240506162317.0240416b |||||||| |||| 00| 0 eng d cMRSPTU aShan, Harnam Singh (ਸ਼ਾਨ, ਹਰਨਾਮ ਸਿੰਘ) aGuru Arjan Dev Bachnabali (ਗੁਰੂ ਅਰਜਨ ਬਚਨਾਵਲੀ) a1st aPunjabbGovernment of Punjabc2007 a423